[Event "Wch U16"]
[Site "Florianopolis"]
[Date "2024.11.02"]
[Round "5"]
[White "Soojay, Jorah"]
[Black "Johansson, David Natael"]
[Result "1-0"]
[WhiteElo "1972"]
[BlackElo "1645"]
[PlyCount "135"]
[EventDate "2024.10.29"]
[EventType "swiss"]
[EventRounds "11"]
[EventCountry "BRA"]
[SourceTitle "CB45_2024"]
[Source "ChessBase"]
[SourceDate "2024.11.06"]
[SourceVersion "1"]
[SourceVersionDate "2024.11.06"]
[SourceQuality "1"]

1. b3 Nf6 2. Bb2 g6 3. c4 Bg7 4. e4 d6 5. Qc2 e5 6. c5 0-0 7. cxd6 cxd6 8. Bc4 Bd7 9. Ne2 Bc6 10. Nbc3 a6 11. Ng3 Nbd7 12. 0-0 Rc8 13. b4 d5 14. exd5 Nxd5 15. Bxd5 Bxd5 16. d3 f5 17. Qd2 Bf7 18. Nce2 Qb6 19. Kh1 Nb8 20. f4 Rcd8 21. fxe5 Nc6 22. e6 Bxe6 23. Bxg7 Kxg7 24. Nf4 Bf7 25. a3 Qd4 26. Nge2 Qf6 27. Ng3 Nd4 28. Qb2 Ne6 29. Qxf6+ Kxf6 30. Nxe6 Bxe6 31. Ne4+ Kg7 32. Nc5 Bc8 33. Rfe1 Rfe8 34. h3 h6 35. Rad1 Kf7 36. Kg1 b6 37. Rxe8 Rxe8 38. Na4 Re2 39. Kf1 Ra2 40. d4 b5 41. Nc5 f4 42. d5 f3 43. gxf3 Bxh3+ 44. Ke1 Rg2 45. Rd4 Rg1+ 46. Kf2 Rg2+ 47. Ke3 Rg1 48. d6 Re1+ 49. Kf4 Re8 50. Kg3 Bf5 51. Nxa6 Bd7 52. Nc7 Re2 53. Nxb5 Bxb5 54. d7 Bxd7 55. Rxd7+ Ke6 56. Ra7 Kf5 57. Ra5+ Kf6 58. b5 Rb2 59. a4 h5 60. Ra6+ Kf5 61. Rc6 g5 62. b6 h4+ 63. Kh3 Rb3 64. Rc5+ Kf4 65. Rb5 Rxf3+ 66. Kh2 g4 67. b7 g3+ 68. Kg1 1-0

[Event "Wch U16"]
[Site "Florianopolis"]
[Date "2024.11.01"]
[Round "4"]
[White "Johansson, David Natael"]
[Black "Beitner, Yehonatan"]
[Result "0-1"]
[WhiteElo "1645"]
[BlackElo "1903"]
[PlyCount "76"]
[EventDate "2024.10.29"]
[EventType "swiss"]
[EventRounds "11"]
[EventCountry "BRA"]
[SourceTitle "CB45_2024"]
[Source "ChessBase"]
[SourceDate "2024.11.06"]
[SourceVersion "1"]
[SourceVersionDate "2024.11.06"]
[SourceQuality "1"]

1. e4 c5 2. Nc3 a6 3. g3 b5 4. Bg2 Bb7 5. d3 e6 6. Nge2 d5 7. 0-0 d4 8. Nb1 g6 9. f4 Ne7 10. g4 f5 11. gxf5 exf5 12. c3 Bg7 13. c4 b4 14. Nd2 0-0 15. Ng3 h6 16. Nb3 Nd7 17. Bd2 Qb6 18. Qc2 Kh7 19. Rae1 Rad8 20. Qd1 Qf6 21. e5 Qb6 22. Bxb7 Qxb7 23. e6 Nf6 24. Nxc5 Qc6 25. Bxb4 Ng4 26. Qf3 Ne3 27. Nd7 Rfe8 28. Bxe7 Qxf3 29. Rxf3 Rxe7 30. Nc5 Rc8 31. b4 a5 32. Rc1 axb4 33. Nb3 Rxe6 34. c5 Ra6 35. Rf2 Rca8 36. Ne2 Rxa2 37. Nexd4 Bxd4 38. Nxd4 Ra1 0-1

[Event "Wch U16"]
[Site "Florianopolis"]
[Date "2024.10.31"]
[Round "3"]
[White "Lira, Suan Bruno Fernande"]
[Black "Johansson, David Natael"]
[Result "1-0"]
[WhiteElo "2037"]
[BlackElo "1645"]
[PlyCount "95"]
[EventDate "2024.10.29"]
[EventType "swiss"]
[EventRounds "11"]
[EventCountry "BRA"]
[SourceTitle "CB45_2024"]
[Source "ChessBase"]
[SourceDate "2024.11.06"]
[SourceVersion "1"]
[SourceVersionDate "2024.11.06"]
[SourceQuality "1"]

1. e4 e6 2. d4 d5 3. Nd2 c5 4. exd5 Qxd5 5. Ngf3 Nc6 6. Bc4 Qd8 7. dxc5 Bxc5 8. 0-0 Nf6 9. Nb3 Qxd1 10. Rxd1 Bb6 11. a4 Ne4 12. Rf1 Nb4 13. c3 Nd5 14. a5 Bc7 15. Bxd5 exd5 16. Rd1 Be6 17. Nfd4 0-0 18. f3 Nf6 19. Nxe6 fxe6 20. Nc5 e5 21. Bg5 d4 22. cxd4 exd4 23. Ne6 Rfc8 24. Nxc7 Rxc7 25. Rxd4 Rc5 26. Bxf6 gxf6 27. b4 Rc2 28. Rad1 Re8 29. Rd8 Kf8 30. R1d7 Rxd8 31. Rxd8+ Kg7 32. Rd7+ Kg6 33. h4 b6 34. Rxa7 bxa5 35. Rxa5 Rb2 36. Rb5 h5 37. Kh2 Rb3 38. Kg3 Rb2 39. Rb8 Kf5 40. b5 Rb4 41. b6 Rb2 42. b7 Rb3 43. Kf2 Rb2+ 44. Ke3 Rb3+ 45. Kd4 Kf4 46. Kd5 f5 47. Ke6 Rb6+ 48. Kf7 1-0